Literature an introduction to fiction poetry and drama

Salvato in:
Dettagli Bibliografici
Autore principale: KENNEDY X. J.
Natura: Libro
Lingua:inglese
Pubblicazione: Longman 2003
Tags: Aggiungi Tag
Nessun Tag, puoi essere il primo ad aggiungerne!!

MARC

LEADER 00000nam a22000007a 4500
008 210827b ||||| |||| 00| 0 eng d
020 |a 0321093658 
100 |a KENNEDY X. J. 
245 |a Literature  |b an introduction to fiction poetry and drama  |c X . J. Kennedy and Dana Gioia  |g liii , 1530p. : ill. 
250 |b 3rd ed. 
260 |b Longman  |c 2003  |h New York  |i 694116  |l PN 6014 .L58K38  |m Literature - Collections 
500 |a It includes index 
942 |a lcc  |c BK  |e Adeyey Y. S.  |f 27 - 08 - 2021 
952 |0 0  |1 0  |2 lcc  |4 0  |6 PN6014 L58 K38  |7 0  |9 3256  |a HOL  |b HOL  |c LP  |d 2021-08-27  |l 0  |o PN 6014 . L58K38  |p 2021-66958  |r 2021-08-27 00:00:00  |w 2021-08-27  |y BK 
999 |c 1630  |d 1630